Stanovy "Katolického tlačového spolku‟

Bibliographic Details
Corporate Authors: Katolícky tlačový spolok (Bratislava) (Author), Katolícka literárna tlačiarenská účastinná spoločnosť (Printer)
Format: Book
Language:Slovak
PhysicalDescription:6 strán 22 cm
Subjects:

MARC

LEADER 00000nam a2200000 4500
001 vtls012289488
003 SK-MaSNL
005 20260301232445.0
008 260112s1852 xo a f 000 0 slo
015 |a SNBHFA 
040 |a SNKHF  |b slo  |c SNKHF  |e rda 
041 0 |a slo 
044 |a xo  |c SK 
072 7 |a 271/279  |x Kresťanské cirkvi, sekty, denominácie  |2 konspekt 
080 |a 272-784  |2 2011 
080 |a 06.01  |2 2011 
110 2 |a Katolícky tlačový spolok (Bratislava)  |4 aut  |9 626146 
245 1 0 |a Stanovy "Katolického tlačového spolku‟ 
264 3 |a v Presporku  |b Kath. lit. učast. spoloč.  |c 1852 
300 |a 6 strán  |c 22 cm 
336 |a text  |b txt  |2 rdacontent 
337 |a bez média  |b n  |2 rdamedia 
338 |a zväzok  |b nc  |2 rdacarrier 
500 |a Titulná strana v jednoduchom rámčeku s vinetou, typografické ozdoby 
546 |a Slovenský text  |b Antikva 
563 |a Väzba: lepenková.  |5 SNK SC 121 
610 2 7 |a Katolícka cirkev  |2 SNKKA  |9 206702 
650 0 7 |a katolícke spolky  |2 SNKPH  |9 92840 
650 0 7 |a synody  |2 SNKPH  |9 4150 
700 0 |a Sélley, Dr.  |4 cns  |9 626147 
710 2 |a Katolícka literárna tlačiarenská účastinná spoločnosť  |4 prt  |9 173184 
752 |a Slovensko  |d Bratislava 
852 |a snk  |p SC 121 
958 |a ONDV 
958 |a DF 
999 |c 961432  |d 963362 
952 |a SNK  |b SNK  |y PREZ  |7 0  |p 17A0714084  |o snkSC 121  |i snk2016/28  |8 0  |0 0  |1 0  |4 0  |d 2026-01-12  |l 0  |r 2026-02-24 10:19:24  |w 2026-02-24